La política secreta de la última dictadura argentina, 1976-1983 : a 40 años del golpe de estado /
Guardado en:
| Autor Principal: | |
|---|---|
| Formato: | Libro |
| Publicado: |
Buenos Aires :
Edhasa,
2016
|
| Materias: | |
| Etiquetas: |
Agregar Etiqueta
Sin Etiquetas, Sea el primero en etiquetar este registro!
|
| LEADER | 00650nam a22001935a 4500 | ||
|---|---|---|---|
| 001 | EHU.bham044306 | ||
| 003 | AR-BHAM | ||
| 005 | 20161011115032.0 | ||
| 008 | 130507s2016##################000#0#####d | ||
| 020 | |a 9789876283977 | ||
| 082 | 3 | 2 | |a 329.982 |
| 100 | 1 | |a Canelo, Paula | |
| 245 | 1 | 0 | |a La política secreta de la última dictadura argentina, 1976-1983 : |b a 40 años del golpe de estado / |c Paula Canelo |
| 260 | |a Buenos Aires : |b Edhasa, |c 2016 | ||
| 300 | |a 262 p. | ||
| 653 | |a Dictadura argentina, 1976-1983 | ||
| 653 | |a Historia argentina-dictaduras | ||
| 653 | |a Estado-golpes de | ||
| 859 | |a AR-BHAM |b BIB. HUMANIDADES - General |h 329.982 |i C162 |p 502.16 |t Ej.1 | ||
